| 000 | 00453nam a2200181Ia 4500 | ||
|---|---|---|---|
| 005 | 20250423100412.0 | ||
| 008 | 250422s9999 xx 000 0 und d | ||
| 020 | _a0- 201- 46138- 2 | ||
| 050 | _aT 385 .N435/ | ||
| 100 | _aMason Woo | ||
| 245 | 0 | _aOpenGL programming guide: the official guide to learning OpenGL | |
| 250 | _a2nd | ||
| 260 | _bAddison Wesley | ||
| 260 | _c1997 | ||
| 300 | _a650 p | ||
| 650 | _aComputer graphics | ||
| 942 | _cBK | ||
| 999 |
_c33193 _d33193 |
||